[Event "Titled Tuesday intern op 15th Aug Early"]
[Site "Chess.com INT"]
[Date "2023.08.15"]
[Round "3"]
[White "Badmatsyrenov, Oleg"]
[Black "Firouzja, Alireza"]
[Result "0-1"]
[WhiteElo "2416"]
[BlackElo "2777"]
[PlyCount "102"]
[EventDate "2023.08.15"]
[EventType "swiss (blitz)"]
[EventRounds "11"]
[EventCountry "USA"]
[SourceTitle "EXT 2024"]
[Source "ChessBase"]
[SourceDate "2023.10.10"]
[SourceVersion "1"]
[SourceVersionDate "2023.10.10"]
[SourceQuality "1"]

1. e4 c5 2. Nf3 d6 3. d4 cxd4 4. Nxd4 Nf6 5. Nc3 a6 6. f4 e5 7. Nf3 Qc7 8. a4 Nbd7 9. Bd3 Be7 10. 0-0 0-0 11. Kh1 Re8 12. Qe1 Nc5 13. fxe5 dxe5 14. Qg3 Bd8 15. Bg5 Be6 16. Qxe5 Ng4 17. Bxd8 Qxe5 18. Nxe5 Nxe5 19. Bc7 Nexd3 20. cxd3 Nxd3 21. Nd5 Rac8 22. Bg3 Nxb2 23. a5 h6 24. Nc7 Re7 25. Rfb1 Nd3 26. Nd5 Bxd5 27. exd5 f5 28. Rb3 Nc1 29. Rbb1 Ne2 30. d6 Rd7 31. Be5 Rc5 32. Bb2 Rb5 33. Ba3 Rxa5 34. Bb4 Rb5 35. Ba3 Nc3 36. Rxb5 Nxb5 37. Bb4 Kf7 38. Rd1 b6 39. Rd5 Ke6 40. Rd1 Nxd6 41. Re1+ Ne4 42. g4 g6 43. gxf5+ gxf5 44. h4 Rd1 45. Rxd1 Nf2+ 46. Kg2 Nxd1 47. Kf3 h5 48. Kf4 Kf6 49. Bd6 b5 50. Be5+ Kg6 51. Bc7 b4 0-1

[Event "Titled Tuesday intern op 15th Aug Late"]
[Site "Chess.com INT"]
[Date "2023.08.15"]
[Round "6"]
[White "Badmatsyrenov, Oleg"]
[Black "Soderstrom, Adrian"]
[Result "0-1"]
[WhiteElo "2416"]
[BlackElo "2319"]
[PlyCount "106"]
[EventDate "2023.08.15"]
[EventType "swiss (blitz)"]
[EventRounds "11"]
[EventCountry "USA"]
[SourceTitle "EXT 2024"]
[Source "ChessBase"]
[SourceDate "2023.10.10"]
[SourceVersion "1"]
[SourceVersionDate "2023.10.10"]
[SourceQuality "1"]

1. e4 g6 2. d4 Nf6 3. Nc3 d5 4. e5 Ne4 5. Nxe4 dxe4 6. Bc4 c5 7. d5 Bg7 8. f4 0-0 9. Be3 b5 10. Be2 Na6 11. c4 Bb7 12. cxb5 Nb4 13. Bc4 Bxd5 14. Bxd5 Qxd5 15. Qxd5 Nxd5 16. Kf2 Nb4 17. Ne2 Nd3+ 18. Kg3 Rab8 19. a4 Rfc8 20. b3 g5 21. fxg5 Bxe5+ 22. Kg4 Bxa1 23. Rxa1 Rd8 24. Kf5 Nb4 25. Kxe4 Nc2 26. Rc1 Nxe3 27. Kxe3 Rd5 28. h4 Rbd8 29. Nf4 Re5+ 30. Kf3 Rd4 31. g3 Rde4 32. Rc3 Re1 33. b4 c4 34. Rxc4 f5 35. gxf6 exf6 36. Rc3 Kf7 37. Kg4 R1e4 38. Rb3 h5+ 39. Kf3 Rd4 40. Nd3 Ree4 41. a5 Re6 42. Nc5 Red6 43. a6 Rb6 44. Rc3 Rxb4 45. Ne4 R4xb5 46. Rc7+ Kg6 47. Rxa7 Ra5 48. Kf4 Rf5+ 49. Ke3 Ra5 50. Rb7 Raxa6 51. Rc7 Rb3+ 52. Kf4 Raa3 53. Re7 Rf3# 0-1

[Event "Titled Tuesday intern op 15th Aug Early"]
[Site "Chess.com INT"]
[Date "2023.08.15"]
[Round "4"]
[White "Grebeniuk, Semen"]
[Black "Badmatsyrenov, Oleg"]
[Result "0-1"]
[WhiteElo "2315"]
[BlackElo "2416"]
[PlyCount "96"]
[EventDate "2023.08.15"]
[EventType "swiss (blitz)"]
[EventRounds "11"]
[EventCountry "USA"]
[SourceTitle "EXT 2024"]
[Source "ChessBase"]
[SourceDate "2023.10.10"]
[SourceVersion "1"]
[SourceVersionDate "2023.10.10"]
[SourceQuality "1"]

1. d4 Nf6 2. Nf3 c5 3. e3 g6 4. b3 Bg7 5. Bb2 0-0 6. Nbd2 d5 7. dxc5 Qa5 8. Bd3 Qxc5 9. 0-0 Nc6 10. a3 Re8 11. b4 Qb6 12. c4 Bg4 13. h3 Bxf3 14. Nxf3 Rad8 15. c5 Qc7 16. Rc1 e5 17. Be2 a6 18. Qa4 d4 19. exd4 exd4 20. Bc4 Nd5 21. Qb3 Nf4 22. Rfd1 Qd7 23. Bf1 Qd5 24. Qxd5 Rxd5 25. g3 Ne2+ 26. Bxe2 Rxe2 27. Rd2 d3 28. Bxg7 Kxg7 29. Rcd1 Rxd2 30. Rxd2 Kf6 31. Kg2 Ke6 32. h4 f6 33. Kf1 Ne5 34. Nxe5 Kxe5 35. Ke1 Kd4 36. Rd1 Re5+ 37. Kf1 Kc3 38. g4 Kc2 39. Ra1 d2 40. f4 Re4 41. Ra2+ Kd3 42. Ra1 Rxf4+ 43. Kg2 Rxg4+ 44. Kf3 Rc4 45. b5 Rxc5 46. h5 gxh5 47. bxa6 bxa6 48. a4 Rc1 0-1

[Event "Titled Tuesday intern op 15th Aug Late"]
[Site "Chess.com INT"]
[Date "2023.08.15"]
[Round "5"]
[White "Mendes Domingues, Ribeiro Matheus"]
[Black "Badmatsyrenov, Oleg"]
[Result "1-0"]
[WhiteElo "2115"]
[BlackElo "2416"]
[PlyCount "87"]
[EventDate "2023.08.15"]
[EventType "swiss (blitz)"]
[EventRounds "11"]
[EventCountry "USA"]
[SourceTitle "EXT 2024"]
[Source "ChessBase"]
[SourceDate "2023.10.10"]
[SourceVersion "1"]
[SourceVersionDate "2023.10.10"]
[SourceQuality "1"]

1. c4 Nf6 2. Nc3 c5 3. Nf3 e6 4. e3 b6 5. d4 cxd4 6. exd4 Bb4 7. Bd3 Bb7 8. 0-0 Bxc3 9. bxc3 d6 10. Qe2 0-0 11. Bg5 Nbd7 12. Rfe1 Qc7 13. Rad1 Rfe8 14. Nd2 Rac8 15. h3 h6 16. Bf4 e5 17. Be3 e4 18. Bc2 d5 19. cxd5 Nxd5 20. Nb1 Nxc3 21. Nxc3 Qxc3 22. Bb3 Nf6 23. d5 Qa5 24. Bd4 Bxd5 25. Bxf6 Bxb3 26. Qg4 g6 27. axb3 Rc6 28. Bd4 Rce6 29. Qe2 Kh7 30. Qd2 Qf5 31. Bc3 R8e7 32. Qd4 f6 33. Re2 a5 34. Rde1 h5 35. f3 exf3 36. Rxe6 Rxe6 37. Qd7+ Kh6 38. Bd2+ g5 39. Bxg5+ Kxg5 40. Qg7+ Kh4 41. Rxe6 Qxe6 42. Kh2 Qd6+ 43. g3+ Qxg3+ 44. Qxg3# 1-0

[Event "Phuket Blue Chevaliers op"]
[Site "Phuket"]
[Date "2023.07.26"]
[Round "5"]
[White "Badmatsyrenov, Oleg"]
[Black "Sek, Konstantin"]
[Result "0-1"]
[WhiteElo "2440"]
[BlackElo "2392"]
[PlyCount "76"]
[EventDate "2023.07.23"]
[EventType "swiss"]
[EventRounds "9"]
[EventCountry "THA"]
[SourceTitle "CBM 215 Extra"]
[Source "ChessBase"]
[SourceDate "2023.09.30"]
[SourceVersion "1"]
[SourceVersionDate "2023.09.30"]
[SourceQuality "1"]

1. e4 e5 2. Nc3 Nf6 3. Bc4 Bc5 4. Nf3 d6 5. d4 exd4 6. Nxd4 0-0 7. 0-0 Nc6 8. Nxc6 bxc6 9. Bg5 h6 10. Bh4 Re8 11. Kh1 g5 12. Bg3 Nxe4 13. Nxe4 Rxe4 14. Bd3 Re8 15. Qh5 Qf6 16. f4 Be6 17. h4 gxh4 18. Bxh4 Qg7 19. Bf2 Bd5 20. Qh3 Bxf2 21. Rxf2 Qxb2 22. Raf1 Qf6 23. Kh2 Re7 24. f5 Rae8 25. Rf4 Re3 26. Qh5 Kh7 27. Rg4 R8e5 28. Rff4 c5 29. Qh4 Qxh4+ 30. Rxh4 f6 31. Ra4 Re7 32. Rhg4 h5 33. Rh4 Kh6 34. g4 Bf7 35. gxh5 d5 36. Bf1 d4 37. Rg4 c6 38. Bd3 Bd5 0-1

[Event "Phuket Blue Chevaliers op"]
[Site "Phuket"]
[Date "2023.07.24"]
[Round "3"]
[White "Badmatsyrenov, Oleg"]
[Black "Sivanesan, Subramanian"]
[Result "1-0"]
[WhiteElo "2440"]
[BlackElo "1999"]
[PlyCount "81"]
[EventDate "2023.07.23"]
[EventType "swiss"]
[EventRounds "9"]
[EventCountry "THA"]
[SourceTitle "CBM 215 Extra"]
[Source "ChessBase"]
[SourceDate "2023.09.30"]
[SourceVersion "1"]
[SourceVersionDate "2023.09.30"]
[SourceQuality "1"]

1. e4 e6 2. Qe2 e5 3. f4 d6 4. Nf3 Nc6 5. Qf2 Nf6 6. Nc3 exf4 7. Bb5 Bd7 8. d4 Ng4 9. Qe2 Ne3 10. Nd5 Nxd5 11. exd5+ Ne7 12. Bxf4 a6 13. Bd3 Bg4 14. 0-0 Qd7 15. c4 0-0-0 16. h3 Bh5 17. Qc2 h6 18. c5 Kb8 19. c6 Qc8 20. Qb3 Ka7 21. Rac1 g5 22. Be3 Bg6 23. Bxg6 fxg6 24. Nd2 Nf5 25. Nc4 b6 26. Qd3 Bg7 27. b4 Rde8 28. Bf2 h5 29. b5 g4 30. bxa6 gxh3 31. gxh3 Qd8 32. Na3 Qg5+ 33. Kh1 Ng3+ 34. Qxg3 Qxg3 35. Bxg3 Re3 36. Nb5+ Kxa6 37. Nxc7+ Ka7 38. Bxd6 Rxh3+ 39. Kg2 Rd3 40. Rc4 Rd2+ 41. Rf2 1-0

[Event "Phuket Blue Chevaliers op"]
[Site "Phuket"]
[Date "2023.07.24"]
[Round "2"]
[White "Hong, Ian"]
[Black "Badmatsyrenov, Oleg"]
[Result "0-1"]
[WhiteElo "1892"]
[BlackElo "2440"]
[PlyCount "108"]
[EventDate "2023.07.23"]
[EventType "swiss"]
[EventRounds "9"]
[EventCountry "THA"]
[SourceTitle "CBM 215 Extra"]
[Source "ChessBase"]
[SourceDate "2023.09.30"]
[SourceVersion "1"]
[SourceVersionDate "2023.09.30"]
[SourceQuality "1"]

1. e4 c5 2. Nf3 e6 3. d4 cxd4 4. Nxd4 a6 5. Bd3 Bc5 6. Nb3 Be7 7. Qg4 g6 8. 0-0 d6 9. Nc3 Nf6 10. Qe2 0-0 11. Bh6 Re8 12. Rad1 Nc6 13. Kh1 b5 14. a3 Qc7 15. Bg5 Bb7 16. f4 b4 17. axb4 Nxb4 18. f5 exf5 19. exf5 Bf8 20. Qf2 Nxd3 21. Rxd3 Ne4 22. Nxe4 Bxe4 23. Rc3 Qa7 24. Qg3 Rac8 25. fxg6 hxg6 26. Bf6 Rxc3 27. Qxc3 Qd7 28. Rf4 Bh6 29. Rf2 Rc8 30. Qg3 Rxc2 31. Rxc2 Bxc2 32. Nd4 Bb1 33. h3 Bg7 34. Bxg7 Kxg7 35. Qc3 Kg8 36. Kh2 Be4 37. Ne2 Qe6 38. Nf4 Qe5 39. Qxe5 dxe5 40. Ne2 f5 41. Kg3 Kf7 42. Nc3 Bc6 43. Kf2 Ke6 44. g3 a5 45. Ke3 Kd6 46. Nb1 g5 47. Na3 Kc5 48. h4 f4+ 49. Kf2 fxg3+ 50. Kxg3 gxh4+ 51. Kxh4 Be4 52. Kg3 Bd3 53. Kf2 Kb4 54. Ke3 e4 0-1

[Event "Thailand op"]
[Site "Chiangmai"]
[Date "2023.07.04"]
[Round "9"]
[White "Badmatsyrenov, Oleg"]
[Black "Owen, Michael"]
[Result "1-0"]
[WhiteElo "2446"]
[BlackElo "2048"]
[PlyCount "55"]
[EventDate "2023.06.28"]
[EventType "swiss"]
[EventRounds "9"]
[EventCountry "THA"]
[SourceTitle "CBM 215 Extra"]
[Source "ChessBase"]
[SourceDate "2023.09.30"]
[SourceVersion "1"]
[SourceVersionDate "2023.09.30"]
[SourceQuality "1"]

1. e4 c5 2. b3 d6 3. Bb2 Nc6 4. Nc3 Nf6 5. f4 e6 6. Nf3 Be7 7. d4 cxd4 8. Nxd4 0-0 9. Nxc6 bxc6 10. Qf3 d5 11. 0-0-0 Qa5 12. Kb1 Rd8 13. e5 Nd7 14. h4 Rb8 15. h5 Nf8 16. g4 c5 17. g5 c4 18. g6 d4 19. Ne4 c3 20. gxf7+ Kh8 21. Rg1 Nd7 22. Bd3 Bf8 23. Nxc3 Nxe5 24. fxe5 dxc3 25. Qe4 Rxd3 26. Qxd3 cxb2 27. Qd8 Qb4 28. Rxg7 1-0

[Event "Thailand op"]
[Site "Chiangmai"]
[Date "2023.07.02"]
[Round "7"]
[White "Badmatsyrenov, Oleg"]
[Black "Nguyen, Van Huy"]
[Result "1/2-1/2"]
[WhiteElo "2446"]
[BlackElo "2366"]
[PlyCount "152"]
[EventDate "2023.06.28"]
[EventType "swiss"]
[EventRounds "9"]
[EventCountry "THA"]
[SourceTitle "CBM 215 Extra"]
[Source "ChessBase"]
[SourceDate "2023.09.30"]
[SourceVersion "1"]
[SourceVersionDate "2023.09.30"]
[SourceQuality "1"]

1. e4 c6 2. d4 d5 3. Nc3 dxe4 4. Nxe4 Bf5 5. Nc5 Nd7 6. Bd3 e6 7. Nxd7 Qxd7 8. Bxf5 exf5 9. Nf3 Qe6+ 10. Qe2 Qxe2+ 11. Kxe2 Bd6 12. Rd1 Ne7 13. b3 f6 14. c4 Kf7 15. Bb2 g5 16. Kf1 h5 17. d5 cxd5 18. cxd5 Rhd8 19. Rd3 Rac8 20. a4 Rc2 21. Bd4 Bb8 22. Re1 Rxd5 23. Rde3 Rd7 24. Bxf6 Nd5 25. Re8 g4 26. Rxb8 gxf3 27. Bg5 fxg2+ 28. Kxg2 Nf6 29. Bxf6 Kxf6 30. Re3 b6 31. Rh8 Rg7+ 32. Kf3 Kg5 33. Rd3 Rcc7 34. Kg3 Rcd7 35. Rc3 Rc7 36. Rxc7 Rxc7 37. h4+ Kf6 38. Kf4 Rc3 39. Rxh5 Rxb3 40. Rxf5+ Kg6 41. Kg4 Rb4+ 42. Rf4 a5 43. h5+ Kg7 44. Kg5 b5 45. h6+ Kh7 46. Rf7+ Kg8 47. Rg7+ Kh8 48. f4 bxa4 49. Ra7 Rb1 50. Rxa5 Rg1+ 51. Kf6 Ra1 52. Kg6 Rg1+ 53. Rg5 Rb1 54. Ra5 Rg1+ 55. Kf7 Ra1 56. f5 a3 57. f6 a2 58. h7 Rh1 59. Rxa2 Kxh7 60. Rg2 Rh3 61. Rg5 Rh1 62. Rg7+ Kh8 63. Kf8 Ra1 64. Rg4 Ra8+ 65. Kf7 Ra7+ 66. Ke6 Ra6+ 67. Kf5 Ra7 68. Kg6 Kg8 69. Rb4 Rg7+ 70. Kf5 Rg1 71. Re4 Kf7 72. Re7+ Kf8 73. Re5 Kf7 74. Re7+ Kf8 75. Ra7 Rf1+ 76. Ke6 Re1+ 1/2-1/2

[Event "Titled Tuesday intern op 23rd May Late"]
[Site "Chess.com INT"]
[Date "2023.05.23"]
[Round "2"]
[White "Badmatsyrenov, Oleg"]
[Black "Trifan, Andrei Ioan"]
[Result "1-0"]
[WhiteElo "2446"]
[BlackElo "2300"]
[PlyCount "101"]
[EventDate "2023.05.23"]
[EventType "swiss (blitz)"]
[EventRounds "11"]
[EventCountry "USA"]
[SourceTitle "EXT 2024"]
[Source "ChessBase"]
[SourceDate "2023.10.10"]
[SourceVersion "1"]
[SourceVersionDate "2023.10.10"]
[SourceQuality "1"]

1. e4 e5 2. Nc3 Nf6 3. f4 d5 4. Qe2 d4 5. fxe5 dxc3 6. exf6 cxd2+ 7. Bxd2 Qxf6 8. 0-0-0 Be7 9. Nf3 0-0 10. Bc3 Qh6+ 11. Kb1 Be6 12. g4 Nc6 13. g5 Qh5 14. Qe3 Rad8 15. Be2 Rxd1+ 16. Rxd1 Rd8 17. Rg1 Qh3 18. Rg3 Qh5 19. h3 Bd6 20. e5 Bf8 21. b3 a5 22. a4 Bb4 23. Kb2 Bxc3+ 24. Qxc3 Qg6 25. Bd3 Qh5 26. Be4 Bd5 27. Qe3 Bxe4 28. Qxe4 Qg6 29. Qxg6 hxg6 30. Rg4 Re8 31. Re4 Kf8 32. c3 Ke7 33. b4 Ke6 34. b5 Kf5 35. Rc4 Nxe5 36. Nxe5 Rxe5 37. Rxc7 Kxg5 38. Rxf7 b6 39. Rxg7 Re6 40. Rh7 Kf4 41. Kb3 Kg3 42. Kc4 Kf4 43. Kd5 Rf6 44. c4 Rf5+ 45. Kc6 Rc5+ 46. Kxb6 Rxc4 47. Kxa5 Ke5 48. b6 Rc1 49. Ka6 Rb1 50. a5 Kd6 51. Kb7 1-0

[Event "Titled Tuesday intern op 23rd May Late"]
[Site "Chess.com INT"]
[Date "2023.05.23"]
[Round "9"]
[White "Ibarra Jerez, Jose Carlos"]
[Black "Badmatsyrenov, Oleg"]
[Result "1-0"]
[WhiteElo "2563"]
[BlackElo "2446"]
[PlyCount "67"]
[EventDate "2023.05.23"]
[EventType "swiss (blitz)"]
[EventRounds "11"]
[EventCountry "USA"]
[SourceTitle "EXT 2024"]
[Source "ChessBase"]
[SourceDate "2023.10.10"]
[SourceVersion "1"]
[SourceVersionDate "2023.10.10"]
[SourceQuality "1"]

1. e4 c5 2. Nc3 a6 3. g4 b5 4. Bg2 Bb7 5. d3 Nc6 6. Nh3 e6 7. 0-0 Nge7 8. f4 b4 9. Na4 Ng6 10. Be3 Nd4 11. c3 bxc3 12. bxc3 Nb5 13. Nxc5 Bxc5 14. Bxc5 Rc8 15. Be3 Nxc3 16. Qb3 Ba8 17. f5 Ne5 18. Kh1 Nxg4 19. Bd4 Ne2 20. Bb6 Qh4 21. Rae1 Ng3+ 22. hxg3 Qxg3 23. Bg1 0-0 24. Qd1 exf5 25. Rxf5 d5 26. Rg5 f5 27. exf5 h5 28. Re7 Rf7 29. Rxf7 Kxf7 30. Rxh5 d4 31. Qb3+ Ke7 32. Qe6+ Kd8 33. Rh8+ Kc7 34. Rxc8# 1-0

[Event "Titled Tuesday intern op 16th May Early"]
[Site "Chess.com INT"]
[Date "2023.05.16"]
[Round "7"]
[White "Badmatsyrenov, Oleg"]
[Black "Doshi, Moksh Amitbhai"]
[Result "1-0"]
[WhiteElo "2446"]
[BlackElo "2401"]
[PlyCount "33"]
[EventDate "2023.05.16"]
[EventType "swiss (blitz)"]
[EventRounds "11"]
[EventCountry "USA"]
[SourceTitle "CBM 214 Extra"]
[Source "ChessBase"]
[SourceDate "2023.07.31"]
[SourceVersion "1"]
[SourceVersionDate "2023.07.31"]
[SourceQuality "1"]

1. e4 e5 2. Nc3 Nf6 3. f4 d5 4. Qe2 d4 5. fxe5 dxc3 6. exf6 cxd2+ 7. Bxd2 Qxf6 8. 0-0-0 Nc6 9. Nf3 Bg4 10. Bc3 Qe6 11. Qb5 Bd6 12. Bc4 Qh6+ 13. Kb1 0-0 14. h3 Bxf3 15. gxf3 Rab8 16. Rdg1 a6 17. Bxg7 1-0

[Event "Titled Tuesday intern op 16th May Late"]
[Site "Chess.com INT"]
[Date "2023.05.16"]
[Round "3"]
[White "Badmatsyrenov, Oleg"]
[Black "Koutlas, Nikolaos"]
[Result "1-0"]
[WhiteElo "2446"]
[BlackElo "2341"]
[PlyCount "159"]
[EventDate "2023.05.16"]
[EventType "swiss (blitz)"]
[EventRounds "11"]
[EventCountry "USA"]
[SourceTitle "CBM 214 Extra"]
[Source "ChessBase"]
[SourceDate "2023.07.31"]
[SourceVersion "1"]
[SourceVersionDate "2023.07.31"]
[SourceQuality "1"]

1. e4 c5 2. Nf3 d6 3. d4 Nd7 4. Nc3 g6 5. dxc5 Nxc5 6. Qd4 Nf6 7. e5 Ne6 8. Bb5+ Bd7 9. Qa4 Nc5 10. Qc4 Bxb5 11. Nxb5 Nfe4 12. b4 d5 13. Qe2 Na4 14. e6 Bg7 15. Rb1 fxe6 16. 0-0 0-0 17. Rb3 Qd7 18. Nbd4 e5 19. Nb5 a6 20. Na3 Nac3 21. Qd3 d4 22. Re1 Qf5 23. Nc4 Rac8 24. Ncd2 Nxd2 25. Qxf5 gxf5 26. Bxd2 e4 27. Ng5 Nd5 28. Ne6 Rxc2 29. Bg5 Re8 30. Nxg7 Kxg7 31. g4 e6 32. Rg3 d3 33. Kf1 f4 34. Rh3 f3 35. Rxe4 d2 36. Bxd2 Rxd2 37. Rxf3 Rd1+ 38. Kg2 Nf6 39. Ref4 Rf8 40. g5 Nd7 41. Rxf8 Nxf8 42. Rc3 Rd7 43. h4 Ng6 44. Kg3 Ne5 45. f3 Rd3 46. Rc7+ Rd7 47. Rc8 Nc6 48. a3 Nd4 49. Kg4 Nf5 50. f4 Ne3+ 51. Kf3 Nd5 52. Rc4 Kg6 53. Kg3 Kf5 54. Rc8 Ne7 55. Rf8+ Ke4 56. Rf6 Nf5+ 57. Kg4 Nd4 58. h5 Rc7 59. g6 hxg6 60. hxg6 Rc1 61. Kg5 Rg1+ 62. Kh6 Nf5+ 63. Kh7 Kd5 64. Rf7 Rh1+ 65. Kg8 Nh6+ 66. Kg7 Nf5+ 67. Kf6 Nd6 68. Rd7 Rg1 69. g7 Kc6 70. Rxd6+ Kxd6 71. Kf7 Kd5 72. g8Q Rxg8 73. Kxg8 Ke4 74. Kf7 Kxf4 75. Kxe6 Ke4 76. Kd6 Kd4 77. Kc7 b5 78. Kb6 Kc4 79. Kxa6 Kb3 80. Kxb5 1-0